000 00653nam a2200217Ia 4500
003 OSt
005 20200812124036.0
008 190216s9999||||xx |||||||||||||| ||und||
020 _a9788120307650
020 _a9788178087016
020 _a9788177581690
040 _coclc
082 _a547
_bMOR/O
100 _aMorrison, Robert Thornton
_94066
245 0 _aOrganic Chemistry /
_cRobert Thornton Morrison ; Robert Neilson Boyd
250 _a6th Ed.
260 _bPrentice Hall Of India,
_bPearson education Asia,
_c2004.
_aNew Delhi:
300 _a1278p
650 _aChemistry
942 _cBK
_2ddc
_h547
_iMOR/O
_k547
_mMOR/O
999 _c3180
_d3180